Statistics for Category Elimination - Asian Geography #1

Click here to take the quiz!

General Stats

  • This quiz has been taken 78,970 times
  • The average score is 15 of 20

Answer Stats

Group#Category% Correct
Green48Countries of Asia
100%
Green23... with at least 20 million people
100%
Green20... which are not landlocked
99%
Green4... that end in "ia"
96%
Orange48Capital Cities of Asia
93%
Orange17... containing the letter E
90%
Blue48Countries of Asia (by Flag)
89%
Blue20... which have green on them
87%
Purple96Countries or Capitals of Asia
85%
Purple38... which contain the letter S
84%
Green1... with fewer than 7 letters in its nameIndia
77%
Purple11... have 7 or fewer letters in their name
74%
Blue7... have black on them
71%
Orange6... which are south of the Tropic of Cancer
59%
Orange3... with only one word in their name
54%
Blue3... have at least one star on them
52%
Orange1... and over 50% of the country's populationSingapore
43%
Blue1... and have a red stripeSyria
40%
Purple6... with fewer than 2 million people
34%
Purple1... which lies on the Tropic of CancerMuscat
23%

Score Distribution

Percentile by Number Answered

Percent of People with Each Score

Your Score History

You have not taken this quiz